| 000 | 00550 a2200181 4500 | ||
|---|---|---|---|
| 020 | _a0130829870 | ||
| 040 |
_aDLC _bDLC |
||
| 100 | 1 | _aFloyd, Thomas L. | |
| 245 | 1 | 0 |
_aBasic operational amplifiers and linear integrated circuits _cThomas L. Floyd, David Buchla. |
| 250 | _a2nd ed. | ||
| 260 |
_aUpper Saddler River, NJ : _bPrentice Hall, _c1999. |
||
| 300 |
_a593 p. : _bill. |
||
| 500 | _aIncludes index. | ||
| 650 | 0 | _aOperational amplifiers. | |
| 650 | 0 | _aLinear integrated circuits. | |
| 700 | 1 | _aBuchla, David. | |
| 942 |
_cBK _k621.395 FLO _2ddc |
||
| 999 |
_c10270 _d10270 |
||